000 00390nam a2200121Ia 4500
008 210423s2005 xx 000 0 und d
082 _a155.6 MEHA
100 _aMEHTA (Manju);SINGH (Rati).
245 _aAdolescent psychology in dual children families.
260 _aJaipur
_bPointer Publishers
_c2005
365 _b550
_cINR
906 _aAdolescent ; children ; dual ; families. ; psychology
999 _c174341
_d174341